Chemistry today
| Main Author: | |
|---|---|
| Format: | Book |
| Published: |
London :
Macmillan ,
1976
|
| Subjects: |
MARC
| LEADER | 00000cam a2200000 7i4500 | ||
|---|---|---|---|
| 001 | 0000003788 | ||
| 005 | 20021118093000.0 | ||
| 008 | 021118n | ||
| 020 | |a 0333127617 | ||
| 090 | 0 | 0 | |a QD33 |b .H423 |
| 100 | 0 | |a Henderson, Euan S. , |e author | |
| 245 | 0 | 0 | |a Chemistry today |c Euan S. Henderson |
| 260 | 2 | |a London : |b Macmillan , |c 1976 | |
| 300 | |a 447 p. ; ; |c 24 cm. | ||
| 504 | |a Includes index | ||
| 650 | 0 | |a Chemistry | |
| 999 | |a 1000031033 |b Book |c Close Access |e Tembila Campus | ||